000 00323nam a22001337a 4500
020 _a9780070260627
082 _a621.4021
_bNAG/EN
100 _aNag, P K
_9173
245 _aEngineering Thermodynamics
250 _a4/5
260 _aNew Delhi
_bTata McGraw Hill Education
_c2008, 2013
300 _a804,914
942 _cBK
999 _c14144
_d14144